000 01641cam a22002771 4500
999 _c208108
_d208108
001 8502658
005 20210623115710.0
008 840515s1969 cl 000 0 eng
035 _a(OCoLC)10735751
040 _aDLC
_cKWiU
_dOGK
_dOCoLC
_dDLC
_bspa
050 0 0 _aPQ8180.17.A73
_bZ79
245 0 0 _a9 asedios a García Márquez
_c[por] Benedetti [et al]
246 3 _aNueve asedios a García Márquez
250 _a4 ed.
260 _aSantiago de Chile
_bEditorial Universitaria
_c[1969]
300 _a181 p.
_c19 cm.
_e1 DVD
490 0 _aColección Letras de America,
_vno. 20
500 _aPortada con líneas diagonales verdes y numero 9 al centro del titulo
501 _aIncluye DVD
505 0 _aGabriel García Márquez o la vigilia dentro del sueño, por M. Benedetti.--Gabriel García Márquez, un gran novelista latinoamericano, por E. Carballo.--La tragedia como fundamento estructural de La hojarasca, por P. Lastra.--Gabriel García Márquez, narrador colombiano, por J. Loveluck.--Gabriel García Márquez: Cien años de soledad, por J. Ortega.--Macondo: un territorio mágico y americano, por J. M. Oviedo.--Un novelista de la violencia americana, por A. Rama.--García Márquez: de Aracataca a Macondo, por M. Vargas Llosa.--Gabriel García Márquez o el trópico desembrujado, por E. Volkening.--A propósito de La mala hora, por E. Volkening.--Contribución a la bibliografía de Gabriel García Márquez.
600 1 0 _aGarcía Márquez, Gabriel,
_d1927-2014.
650 _2REALISMO MAGICO
651 _2CARTAGENA DE INDIAS, COLOMBIA
700 1 _aBenedetti, Mario,
_d1920-2009.
942 _2lcc
_cLIBRO
_e4a ed.